Southville International School and Colleges
Your cart is empty.
  • Cart
  • Lists
    Public lists Eva Luna New books Lux_list list_1
    Your lists Log in to create your own lists
  • Log in to your account
  • Your cookies
  • Search history
Southville International School and Colleges
  • Advanced search
  • Recent comments
  • Most popular
  • Libraries

Log in to your account

Log in with GOOGLE


If you do not have an external account, but do have a local account, you can still log in:

  1. Home
  2. MARC view: Feast for 10 /
Normal view MARC view ISBD view

Feast for 10 / (Record no. 105087)

[ view plain ]
MARC details
000 -LEADER
fixed length control field 00461nam a2200169 a 4500
005 - DATE AND TIME OF LATEST TRANSACTION
control field 20140412111339.0
008 - FIXED-LENGTH DATA ELEMENTS--GENERAL INFORMATION
fixed length control field 040616s19uu xx 00 eng d
020 ## - INTERNATIONAL STANDARD BOOK NUMBER
International Standard Book Number 0-590-48466-4
050 ## - LIBRARY OF CONGRESS CALL NUMBER
Classification number TR(PS E
Item number Fe31 1993
100 ## - MAIN ENTRY--PERSONAL NAME
Personal name Falwell, Cathryn
245 ## - TITLE STATEMENT
Title Feast for 10 /
Statement of responsibility, etc Cathryn Falwell.
260 ## - PUBLICATION, DISTRIBUTION, ETC. (IMPRINT)
Place of publication, distribution, etc New York :
Name of publisher, distributor, etc Scholastic Inc,
Date of publication, distribution, etc 1993.
300 ## - PHYSICAL DESCRIPTION
Extent 1 v. (unp.) ; ill.
650 ## - SUBJECT ADDED ENTRY--TOPICAL TERM
Topical term or geographic name as entry element Counting--Fiction
650 ## - SUBJECT ADDED ENTRY--TOPICAL TERM
Topical term or geographic name as entry element Children stories
Holdings
Withdrawn status Lost status Damaged status Use restrictions Home library Current library Shelving location Date acquired Source of acquisition Total Checkouts Full call number Barcode Date last seen Price effective from Koha item type
        Elizalde Library Elizalde Library Teachers Reference Section 06/16/2004     TR(PS E Fe31 1993 E9395 04/12/2014 04/12/2014 Books

Feast for 10 /

APA

Falwell C., . (1993). Feast for 10. New York: Scholastic Inc.

Chicago

Falwell Cathryn, . 1993. Feast for 10. New York: Scholastic Inc.

Harvard

Falwell C., . (1993). Feast for 10. New York: Scholastic Inc.

MLA

Falwell Cathryn, . Feast for 10. New York: Scholastic Inc. 1993.

  • Place hold
  • Print
  • Cite
  • Add to your cart (remove)
  • Save record
    BIBTEX Dublin Core MARCXML MARC (non-Unicode/MARC-8) MARC (Unicode/UTF-8) MARC (Unicode/UTF-8, Standard) MODS (XML) RIS
  • More searches
    Search for this title in:
    Other Libraries (WorldCat) Other Databases (Google Scholar) Online Stores (Bookfinder.com) Open Library (openlibrary.org)

Exporting to Dublin Core...

SOUTHVILLE LIBRARY

Southville International School and Colleges Library

1281 Tropical Ave. Cor. Luxembourg St., BF Homes International, Las Pinas City

Tel. No. 8256374 / 252358 Loc. 117/146

Powered by Koha